Life of Samuel Johnson (Record no. 36171)

MARC details
000 -LEADER
fixed length control field 00285nam a2200109Ia 4500
082 ## - DEWEY DECIMAL CLASSIFICATION NUMBER
Classification number 929 A/Z(JOH)
Item number BOS
100 ## - MAIN ENTRY--AUTHOR NAME
Personal name Boswell, James
245 #0 - TITLE STATEMENT
Title Life of Samuel Johnson
260 ## - PUBLICATION, DISTRIBUTION, ETC. (IMPRINT)
Place of publication Chicago
Name of publisher Encyclopedia Britanica
Year of publication 1952
942 ## - ADDED ENTRY ELEMENTS (KOHA)
Koha item type Books
Holdings
Withdrawn status Lost status Damaged status Not for loan Home library Current library Date acquired Cost, normal purchase price Full call number Accession Number Koha item type
        RRII Library RRII Library 16/12/2021 5000.00 929 A/Z(JOH) BOS 16584 Books